The Chrysanthemum and the Eagle (Record no. 351558)
[ view plain ]
| 000 -LEADER | |
|---|---|
| fixed length control field | 00453nam a2200121Ia 4500 |
| 008 - FIXED-LENGTH DATA ELEMENTS--GENERAL INFORMATION | |
| fixed length control field | 171212s9999 xx 000 0 und d |
| 100 ## - MAIN ENTRY--PERSONAL NAME | |
| Personal name | Sato, Ryuzo |
| 245 ## - TITLE STATEMENT | |
| Statement of responsibility, etc | Sato, Ryuzo |
| Title | The Chrysanthemum and the Eagle |
| Remainder of title | The Future of U.S.-Japan Relations |
| 260 ## - PUBLICATION, DISTRIBUTION, ETC. (IMPRINT) | |
| Name of publisher, distributor, etc | New York University Press |
| Date of publication, distribution, etc | 1994 |
| 650 ## - SUBJECT ADDED ENTRY--TOPICAL TERM | |
| Topical term or geographic name as entry element | Business |
| 650 ## - SUBJECT ADDED ENTRY--TOPICAL TERM | |
| Topical term or geographic name as entry element | United States -- Relations -- Japan; Japan -- Relations -- United States |
| 856 ## - ELECTRONIC LOCATION AND ACCESS | |
| Uniform Resource Identifier | <a href="http://www.jstor.org/stable/j.ctt9qfsnv">http://www.jstor.org/stable/j.ctt9qfsnv</a> |
| Withdrawn status | Lost status | Damaged status | Home library | Current library | Date acquired | Total Checkouts | Full call number | Date last seen | Price effective from | Koha item type |
|---|---|---|---|---|---|---|---|---|---|---|
| College Library | College Library | 12/12/2017 | E 183.8.J3 .S241 1994 | 12/12/2017 | 12/12/2017 | Curriculum - Based eBooks |